000 00875nam a2200265Ia 4500
003 OSt
005 20220930091535.0
006 a|||||r|||| 00| 0
007 ta
008 220926b |||||||| |||| 00| 0 eng d
024 _a6457
037 _cTheses
040 _aCRL
_cCRL
_beng
041 _2eng
_aeng
100 _aSingh Harsh Veer Au.
_9545960
110 _aUniversity of Delhi. Faculty of Medical Sciences. Department of Pharmacy
245 0 _aDevelopment and validation of uv-spectrophotometric and hptlc assay methods for voriconazole in tablets
260 _c2008
300 _a108
_ap.
_ccm.
650 _aPHARMACY
_9222451
700 _a Dr. Sharad Wakode Gu.
_9545961
700 _aUniversity of Delhi. Faculty of Medical Sciences. Department of Pharmacy
942 _cDIS
_2CC
999 _c882227
_d882227